00698cam a22002174a 45000010009000000050017000090080041000260200036000670200035001030400018001380820021001561000030001772450103002072600055003103000019003656500013003846500010003978560054004079420006004619990013004671289939820240202044054.0020819s2003 ncu b 001 0 eng  a0822330105 (cloth : alk. paper) a0822330210 (pbk. : alk. paper) aDLCcDLCdDLC00a305.42221bCHA.1 aMohanty, Chandra Talpade,10aFeminism without borders :bdecolonizing theory, practicing solidarity /cChandra Talpade Mohanty. aDurham ;aLondon :bDuke University Press,cc2003. aviii, 300 p. ; 0aFeminism 0aWomen42uhttp://www.h-net.org/reviews/showrev.php?id=10752 cL c281d281